000 00839nas a2200301 4500
001 BR2013001054
003 BR-BrBNA
005 20231205121914.0
007 ta
008 230509b bl.|||p| |||| 00| 00por d
040 _aBR-BrBNA
_bpor
_cBiblioteca Nacional de Agricultura
041 _a(Pt)
072 _aL74
100 1 _aSilva, R.P.B. da
100 1 _aSchmidt, C.
100 1 _aBelettin, S.T.
100 1 _aPrazeres, R.F.
100 1 _aPachaly, J.R.
245 1 _aVitiligo em uma cadela Rottweiler - relato de caso
650 _aCÃO
650 _aDISTÚRBIO FISIOLÓGICO
650 _aPELE
650 _aDIAGNÓSTICO
650 _aVETERINÁRIA
773 0 _tMedvep Dermato (Brazil)
_xISSN 2237-2768
_g(2012), v. 2(3) p. 228-231
_wBR2013001054
909 _a202311
_bLúcia
_c55
_dLúcia Elande
942 _2AGRIS
_n0
_cANA
999 _c225863
_d225863